Municipis de Mallorca - Estadísticas

Estadísticas generales
  • Esta prueba ha sido intentada 228 veces
  • La puntuación promedio es 26 de 53
Estadísticas de respuestas
Hint Respuesta % Correcto
M Manacor
91%
A Alcúdia
86%
I Inca
79%
S Sóller
77%
P Pollença
76%
A Artà
73%
A Andratx
70%
L Llucmajor
70%
V Valldemossa
70%
F Felanitx
67%
B Binissalem
66%
A Alaró
64%
C Calvià
64%
M Marratxí
64%
P Palma de Mallorca
64%
S Sa Pobla
64%
D Deià
60%
M Muro
59%
C Capdepera
55%
C Campos
53%
L Lloseta
51%
S Sineu
47%
S Santanyí
46%
C Consell
45%
E Esporles
45%
P Petra
45%
B Búger
44%
A Algaida
43%
S Santa Margalida
43%
F Fornalutx
42%
S Ses salines
42%
S Son Servera
42%
E Escorca
41%
P Porreres
41%
S Santa Maria del Camí
41%
S Selva
41%
A Ariany
40%
L Llubí
40%
M Mancor de la Vall
40%
E Estellencs
38%
B Bunyola
37%
M Maria de la Salut
35%
S Sant Llorenç des Cardassar
35%
C Campanet
33%
C Costitx
32%
M Montuïri
32%
S Sencelles
32%
S Santa Eugènia
31%
S Sant Joan
28%
V Vilafranca de Bonany
28%
L Lloret de Vistalegre
27%
P Puigpunyent
24%
B Benyalbufar
12%
No se encontraron pruebas coincidentes
Distribución de puntuación
Porcentaje de gente con cada puntuación
Porcentaje por número respondido
Historial de tus puntuaciones
No has intentado esta prueba.